Pokémon - Attacken von Forstellka in KA/PU - Statistiken

Allgemein
  • Dieses Quiz wurde 2 mal gespielt
  • Das Durchschnittsergebnis liegt bei 19 aus 71
Antwortstatistiken
Antwort % Korrekt
Delegator
100%
Eisenschädel
100%
Käferbiss
100%
Käfertrutz
100%
Lichtkanone
100%
Schutzschild
100%
Bodycheck
50%
Dampfwalze
50%
Donnerwelle
50%
Eisenabwehr
50%
Erdbeben
50%
Erdkräfte
50%
Fassade
50%
Felswurf
50%
Fluch
50%
Gigastoß
50%
Hyperstrahl
50%
Käfergebrumm
50%
Regentanz
50%
Risikotackle
50%
Sandsturm
50%
Sonnentag
50%
Stachler
50%
Stahlpresse
50%
Stahlstrahl
50%
Steinhagel
50%
Steinkante
50%
Sternschauer
50%
Tackle
50%
Tarnsteine
50%
Turbodreher
50%
Walzer
50%
Anfallen
0%
Anspringen
0%
Ausdauer
0%
Blitzkanone
0%
Body Press
0%
Bodyslam
0%
Dreschflegel
0%
Eiskreisel
0%
Erdanziehung
0%
Erholung
0%
Explosion
0%
Felsgrab
0%
Finale
0%
Gegenschlag
0%
Gegenstoß
0%
Gifthieb
0%
Giftschock
0%
Giftspitzen
0%
Gigasauger
0%
Gyroball
0%
Konter
0%
Krafttrick
0%
Leidteiler
0%
Lichtschild
0%
Magnetflug
0%
Metallsound
0%
Nadelrakete
0%
Rammboss
0%
Rechte Hand
0%
Reflektor
0%
Samenbomben
0%
Sandgrab
0%
Schaufler
0%
Schlafrede
0%
Schlagbohrer
0%
Schmalhorn
0%
Solarstrahl
0%
Tera-Ausbruch
0%
Voltwechsel
0%
Keine übereinstimmenden Quizze gefunden
Verteilung der Resultate
Anzahl Personen mit jedem Resultat
Perzentil nach korrekt beantworteten Fragen
Ihre Resultats-Entwicklung
Sie haben dieses Quiz noch nicht gespielt